Selecciones a las que anotó Zlatan Ibrahimovic - Estadísticas

Estadísticas generales
  • Esta prueba ha sido intentada 92 veces
  • La puntuación promedio es 22 de 30
Estadísticas de respuestas
Confederación Selección Goles Último año % Correcto
UEFA España 1 2008
99%
UEFA Inglaterra 5 2012
95%
UEFA Noruega 3 2013
94%
UEFA Francia 1 2012
91%
UEFA Portugal 2 2013
91%
UEFA Finlandia 3 2011
90%
UEFA Grecia 1 2008
90%
UEFA Italia 1 2004
90%
UEFA Rusia 1 2002
90%
UEFA Croacia 2 2012
87%
UEFA Alemania 1 2012
86%
UEFA Países Bajos 1 2004
86%
UEFA Estonia 2 2014
84%
UEFA Serbia 1 2012
82%
UEFA San Marino 4 2010
81%
UEFA Ucrania 1 2012
81%
UEFA Austria 2 2015
79%
UEFA Dinamarca 3 2015
79%
UEFA Hungría 3 2010
79%
UEFA Islandia 2 2012
78%
UEFA Bulgaria 2 2005
77%
UEFA Escocia 1 2010
77%
UEFA Malta 6 2009
71%
UEFA Moldavia 3 2015
66%
UEFA Montenegro 3 2015
66%
UEFA Azerbaiyán 1 2001
44%
UEFA Islas Feroe 3 2013
38%
UEFA Kazajistán 1 2013
31%
AFC Irán 1 2015
25%
UEFA Lietchenstein 1 2015
12%
No se encontraron pruebas coincidentes
Distribución de puntuación
Porcentaje de gente con cada puntuación
Porcentaje por número respondido
Historial de tus puntuaciones
No has intentado esta prueba.